Skyrim Ingredients - Statistics

General Stats
  • This quiz has been taken 251 times
  • The average score is 39 of 184
Answer Stats
Answer % Correct
Blue Mountain Flower
73%
Red Mountain Flower
71%
Giant's Toe
69%
Nirnroot
68%
Fire Salts
67%
Purple Mountain Flower
63%
Frost Salts
60%
Vampire Dust
58%
Void Salts
58%
Bone Meal
54%
Lavender
53%
Wheat
53%
Bee
52%
Deathbell
52%
Nightshade
52%
Daedra Heart
51%
Crimson Nirnroot
50%
Bear Claws
49%
Troll Fat
49%
Butterfly Wing
48%
Salt Pile
48%
Falmer Ear
47%
Human Heart
47%
Snowberries
47%
Skeever Tail
46%
Glowing Mushroom
45%
Ice Wraith Teeth
45%
Blue Butterfly Wing
44%
Hanging Moss
44%
Garlic
43%
Dragon's Tongue
41%
Juniper Berries
41%
Taproot
41%
Briar Heart
39%
Dwarven Oil
39%
Spider Egg
39%
Yellow Mountain Flower
39%
Sabre Cat Tooth
38%
Ectoplasm
37%
Eye of Sabre Cat
37%
Hagraven Claw
37%
Mudcrab Chitin
37%
Tundra Cotton
37%
Human Flesh
35%
Luna Moth Wing
35%
Slaughterfish Scales
35%
Creep Cluster
34%
Hagraven Feathers
34%
Elves Ear
33%
Hawk Feathers
33%
Honeycomb
33%
White Cap
33%
Wisp Wrappings
33%
Imp Stool
32%
Small Antlers
32%
Torchbug Thorax
32%
Namira's Rot
31%
Chaurus Eggs
30%
Large Antlers
30%
Pearl
30%
Spriggan Sap
30%
Glow Dust
29%
Mora Tapinella
29%
Slaughterfish Egg
29%
Chicken's Egg
28%
Netch Jelly
28%
Blisterwort
27%
Charred Skeever Hide
27%
Jazbay Grapes
27%
Rock Warbler Egg
27%
Nordic Barnacle
26%
River Betty
26%
Blue Dartwing
25%
Canis Root
25%
Fly Amanita
25%
Grass Pod
25%
Bleeding Crown
24%
Moon Sugar
24%
Orange Dartwing
24%
Swamp Fungal Pod
24%
Frost Mirriam
23%
Salmon Roe
23%
Small Pearl
23%
Beehive Husk
22%
Pine Thrush Egg
22%
Hawk Beak
21%
Powdered Mammoth Tusk
20%
Thistle Branch
20%
Histcarp
19%
Ash Hopper Jelly
18%
Chaurus Hunter Antennae
18%
Cyrodilic Spadetail
18%
Jarrin Root
18%
Abecean Longfin
16%
Ashen Grass Pod
16%
Giant Lichen
16%
Scathecraw
16%
Spawn Ash
16%
Scaly Pholiota
14%
Trama Root
13%
Ancestor Moth Wing
12%
Ash Creep Cluster
12%
Burnt Spriggan Wood
12%
Goldfish
11%
Mort Flesh
11%
Silverside Perch
11%
Boar Tusk
10%
Emperor Parasol Moss
10%
Gleamblossom
10%
Hawk's Egg
10%
Purple Butterfly Wing
9%
Berit's Ashes
8%
Glassfish
8%
Green Butterfly Wing
8%
Poison Bloom
8%
Chokeberry
6%
Corkbulb Root
6%
Juvenile Mudcrab
6%
Void Essence
6%
Angelfish
5%
Blind Watcher's Eye
5%
Bliss Bug Thorax
5%
Stone
5%
Alocasia Fruit
4%
Ambrosia
4%
Angler Larvae
4%
Bloodgrass
4%
Chokeweed
4%
Comberry
4%
Dreugh Wax
4%
Elytra Ichor
4%
Felsaad Tern Feathers
4%
Gnarl Bark
4%
Harrada
4%
Heart of Order
4%
Hunger Tongue
4%
Marshmerrow
4%
Minotaur Horn
4%
Ogre's Teeth
4%
Pearlfish
4%
Spadefish
4%
Watcher's Eye
4%
Aster Bloom Core
3%
Bittergreen Petals
3%
Bog Beacon
3%
Coda Flower
3%
Congealed Putrescence
3%
Daedra Silk
3%
Daedroth Teeth
3%
Fire Petal
3%
Flame Stalk
3%
Fungus Stalk
3%
Gold Kanet
3%
Hackle-Lo Leaf
3%
Imp Gall
3%
Kagouti Hide
3%
Kresh Fiber
3%
Lichor
3%
Luminous Russula
3%
Lyretail Anthias
3%
Pygmy Sunfish
3%
Redwort Flower
3%
Roobrush
3%
Scalon Fin
3%
Scrib Jelly
3%
Sload Soap
3%
Wisp Stalk Caps
3%
Withering Moon
3%
Blister Pod Cap
2%
Bungler's Bane
2%
Daedra Venin
2%
Hydnum Azure Giant Spore
2%
Hypha Facia
2%
Ironwood Fruit
2%
Rot Scale
2%
Saltrice
2%
Screaming Maw
2%
Scrib Jerky
2%
Spiddal Stick
2%
Thorn Hook
2%
Worm's Head Cap
2%
Red Kelp Gas Bladder
1%
Steel-Blue Entoloma Cap
1%
Wild Grass Pod
1%
No matching quizzes found
Score Distribution
Percent of People with Each Score
Percentile by Number Answered
Your Score History
You have not taken this quiz